Basic electrical engineering (Record no. 7166)

000 -LEADER
fixed length control field 00658nam a2200217 4500
001 - CONTROL NUMBER
control field 7166
003 - CONTROL NUMBER IDENTIFIER
control field BD-DhUET
008 - FIXED-LENGTH DATA ELEMENTS--GENERAL INFORMATION
fixed length control field 740521s1975 nyua 001 0 eng
020 ## - INTERNATIONAL STANDARD BOOK NUMBER
International Standard Book Number 0070211523
040 ## - CATALOGING SOURCE
Original cataloging agency DLC
Transcribing agency DLC
Modifying agency BD-DhUET
082 00 - DEWEY DECIMAL CLASSIFICATION NUMBER
Classification number 623
Item number FIT/1975
100 1# - MAIN ENTRY--PERSONAL NAME
Personal name Fitzgerald, A. E.
245 10 - TITLE STATEMENT
Title Basic electrical engineering
Remainder of title circuits,electronics,machines,control
Statement of responsibility, etc. by A. E. Fitzgerald, David E. Higginbotham and Arvin Grabel
250 ## - EDITION STATEMENT
Edition statement 4th ed.
260 ## - PUBLICATION, DISTRIBUTION, ETC. (IMPRINT)
Place of publication, distribution, etc. New York
Name of publisher, distributor, etc. McGraw-Hill
Date of publication, distribution, etc. 1975
300 ## - PHYSICAL DESCRIPTION
Extent xiv, 817 p.
Other physical details illus.
Dimensions 24 cm.
650 #0 - SUBJECT ADDED ENTRY--TOPICAL TERM
Topical term or geographic name as entry element Electricity : Engineering
700 ## - ADDED ENTRY--PERSONAL NAME
Personal name Higginbotham, David E.
700 ## - ADDED ENTRY--PERSONAL NAME
Personal name Grabel, Arvin
942 ## - ADDED ENTRY ELEMENTS (KOHA)
Koha item type General Book
Holdings
Koha normalized classification for sorting Damaged status Koha issues (times borrowed) Sublocation or collection (holding branch) Copy number Withdrawn status Koha item type Source of classification or shelving scheme Shelving location Not for loan Lost status Koha full call number Piece designation (barcode) Price effective from Location (home branch) Date acquired Koha date last seen Koha date last borrowed
623PIT1975 1Central Library, BUET1 General Book Circulation section  623/PIT/1975653642014-12-07Central Library, BUET2014-12-072018-08-042018-07-21
623_000000000000000_PIT_1975  Central Library, BUET2 General Book Circulation section  623/PIT/1975433092015-03-12Central Library, BUET2015-03-122015-03-12 
623_000000000000000_PIT_1975  Central Library, BUET3 General Book Circulation section  623/PIT/1975433142015-03-12Central Library, BUET2015-03-122015-03-12 
623_000000000000000_PIT_1975  Central Library, BUET4 General Book Circulation section  623/PIT/1975436762015-03-12Central Library, BUET2015-03-122015-03-12 
623_000000000000000_PIT_1975  Central Library, BUET5 General Book Circulation section  623/PIT/1975428432015-03-12Central Library, BUET2015-03-122015-03-12 
623_000000000000000_FIT_1975  Central Library, BUET6 General Book Circulation section  623/FIT/1975433082015-04-16Central Library, BUET2015-04-162015-04-16 
623_000000000000000_FIT_1975  Central Library, BUET7 General Book Circulation section  623/FIT/1975433162015-04-18Central Library, BUET2015-04-182015-04-18 
623_000000000000000_FIT_1975  Central Library, BUET8 General Book Circulation section  623/FIT/1975433102015-04-21Central Library, BUET2015-04-212015-04-21 
623_000000000000000_FIT_1975  Central Library, BUET9 General Book Circulation section  623/FIT/1975436772015-04-21Central Library, BUET2015-04-212015-04-21 
623_000000000000000_FIT_1975  Central Library, BUET10 General Book Circulation section  623/FIT/1975433132015-04-21Central Library, BUET2015-04-212015-04-21 
623_000000000000000_FIT_1975  Central Library, BUET11 General Book Circulation section  623/FIT/1975433072015-04-21Central Library, BUET2015-04-212015-04-21 
623_000000000000000_FIT_1975  Central Library, BUET12 General Book Circulation section  623/FIT/1975511012015-04-21Central Library, BUET2015-04-212015-04-21 
623_000000000000000_FIT_1975  Central Library, BUET13 Reading Item Reading section  623/FIT/1975428412015-06-28Central Library, BUET2015-06-282015-06-28 
623_000000000000000_FIT_1975  Central Library, BUET14 Reading Item Reading section  623/FIT/1975428402015-06-28Central Library, BUET2015-06-282015-06-28 
623_000000000000000_FIT_1975  Central Library, BUET15 Reading Item Reading section  623/FIT/1975436792015-06-28Central Library, BUET2015-06-282015-06-28